| 000 | 01019nac a22003017a 4500 | ||
|---|---|---|---|
| 001 | BR9603998 | ||
| 003 | BR-BrBNA | ||
| 005 | 20240105121941.0 | ||
| 008 | 230509b bl.|||m| |||| 00| 0 por d | ||
| 040 |
_aBR-BrBNA _bpor _cBiblioteca Nacional de Agricultura |
||
| 072 | _aQ02 | ||
| 090 | _a9410 BR9603998 | ||
| 100 | 1 | _aZolnier, S. | |
| 100 | 1 | _aBaeta, F. da C. | |
| 100 | 1 | _aCoelho, D.T. | |
| 100 | 1 | _aSediyama, G.C. | |
| 110 | 1 |
_aAssociacao dos Engenheiros Agricolas de Minas Gerais, Vicosa (Brasil) _9584 |
|
| 245 | 1 | _aDesenvolvimento de metodologia para o manejo do sistema de resfriamento adiabatico-evaporativo na producao de leite | |
| 260 | 3 |
_aVicosa, MG (Brasil): _c1993. |
|
| 300 | _a17 p. | ||
| 490 |
_aEngenharia na Agricultura. Serie Construcoes Rurais e Ambiencia (Brazil) _vv. 2(8) _x |
||
| 500 | _a11 ref.; 11 graphs; Summary (Pt) | ||
| 650 | _aLeite | ||
| 650 | _aResfriamento | ||
| 650 | _aProcessamento | ||
| 909 |
_a202312 _bLúcia Elande _c55 _dLúcia Elande |
||
| 942 |
_2AGRIS _n0 _cMS |
||
| 999 |
_c288388 _d288388 |
||